000 00621nam a2200241Ia 4500
003 OSt
005 20221007101357.0
006 a|||||r|||| 00| 0
007 ta
008 221006b |||||||| |||| 00| 0 eng d
024 _a6,350
037 _cTextual
040 _aLCO
_cLCO
_beng
041 _2eng
_aeng
082 _aZ3,5w6p3,N63, K3
100 _aH M S O
_9702719
245 0 _aLord Dening's Report
260 _aLondon
_bH. M. S. O. U.K.
_c1963
300 _a113
650 _aLORD DENNING REPORT
_9702911
942 _hZ3,5w6p3,N63, K3
_cTEXL
999 _c1175913
_d1175913